Normal view
MARC view
- REAL ESTATE BUSINESS - UNITED STATES
Entry Topical Term
001 - CONTROL NUMBER
- control field: 64405
003 - CONTROL NUMBER IDENTIFIER
- control field: NUST
005 - DATE AND TIME OF LATEST TRANSACTION
- control field: 20210628203252.0
008 - FIXED-LENGTH DATA ELEMENTS
- fixed length control field: 210628|| aca||aabn | a|a d
040 ## - CATALOGING SOURCE
- Original cataloging agency: NUST
- Transcribing agency: NUST
150 ## - HEADING--TOPICAL TERM
- Topical term or geographic name entry element: REAL ESTATE BUSINESS - UNITED STATES
670 ## - SOURCE DATA FOUND
- Source citation: Work cat.: (NUST): Ling, David C, Archer, Wayne R 64404, Real estate principles, a value approach, 2005
